[Event "DVM U20 2009"]
[Site "Chemnitz GER"]
[Date "2009.12.27"]
[Round "2"]
[White "Lange, Jan-David"]
[Black "Wolff, Christoph"]
[Result "1-0"]
[Termination "normal"]
[Board "8.3"]
[WhiteElo "2118"]
[BlackElo "1812"]
[WhiteTeam "SC Tamm 74"]
[BlackTeam "SG Blau-Weiß Stadtilm"]
[PlyCount "33"]
[WhiteFideId "24614963"]
[BlackFideId "24659495"]
[EventCountry "GER"]
[EventRounds "7"]
[EventType "team-swiss"]
[EventDate "2009.12.26"]

1. e4 c5 2. Nf3 d6 3. d4 cxd4 4. Nxd4 Nf6 5. Nc3 a6 6. Be2 e5 7. Nb3 Be7 8. g4
b5 9. g5 Nfd7 10. Nd5 Bb7 11. Be3 Nc5 12. f3 Nbd7 13. Qd2 Bxd5 14. Qxd5 Nb6 15.
Qc6+ Ncd7 16. Bxb6 Qxb6 17. Qxa8+ 1-0

[Event "DVM U20 2009"]
[Site "Chemnitz GER"]
[Date "2009.12.27"]
[Round "2"]
[White "Kinzel, Tiffany"]
[Black "Schäfer, Daniela"]
[Result "1/2-1/2"]
[Termination "normal"]
[Board "8.4"]
[WhiteElo "1566"]
[BlackElo "1897"]
[WhiteTeam "SG Blau-Weiß Stadtilm"]
[BlackTeam "SC Tamm 74"]
[PlyCount "44"]
[WhiteFideId "4633741"]
[BlackFideId "4624769"]
[EventCountry "GER"]
[EventRounds "7"]
[EventType "team-swiss"]
[EventDate "2009.12.26"]

1. Nc3 g6 2. e4 Bg7 3. f4 d6 4. Bc4 Nc6 5. Nf3 Nf6 6. d3 O-O 7. O-O e5 8. fxe5
dxe5 9. Bg5 h6 10. Bh4 g5 11. Bg3 Ng4 12. Qd2 Nd4 13. h3 Nxf3+ 14. Rxf3 Nf6 15.
Bxe5 Nxe4 16. Nxe4 Bxe5 17. c3 Kg7 18. Raf1 f5 19. Ng3 Bxg3 20. Rxg3 Qd6 21.
Re3 Bd7 22. Rfe1 Rae8 1/2-1/2

[Event "DVM U20 2009"]
[Site "Chemnitz GER"]
[Date "2009.12.27"]
[Round "2"]
[White "Kaiser, Sören"]
[Black "Schröter, Maik"]
[Result "0-1"]
[Termination "normal"]
[Board "8.5"]
[WhiteElo "1804"]
[BlackElo "1549"]
[WhiteTeam "SC Tamm 74"]
[BlackTeam "SG Blau-Weiß Stadtilm"]
[PlyCount "80"]
[WhiteFideId "24669628"]
[EventCountry "GER"]
[EventRounds "7"]
[EventType "team-swiss"]
[EventDate "2009.12.26"]

1. e4 c5 2. Nf3 d6 3. d4 cxd4 4. Nxd4 Nf6 5. Nc3 a6 6. f3 e6 7. Bg5 Be7 8. Qd2
Nbd7 9. Bc4 Nb6 10. Bb3 Qc7 11. a4 Nc4 12. Bxc4 Qxc4 13. Nb3 O-O 14. g4 Re8 15.
h4 d5 16. e5 Nd7 17. Bxe7 Rxe7 18. Qg5 Re8 19. h5 b6 20. O-O-O Bb7 21. Rd4 Qc7
22. f4 Rac8 23. Rh2 Bc6 24. Rb4 b5 25. axb5 Bxb5 26. Nxb5 axb5 27. Qh4 Qa7 28.
Qf2 Qa6 29. Qd4 Rc6 30. Qd3 Rc4 31. Qd2 Rec8 32. Rxc4 bxc4 33. Qa5 Qb7 34. Nd4
Ra8 35. Qb5 Qa7 36. c3 Rb8 37. Qc6 Qa1+ 38. Kd2 Rxb2+ 39. Ke3 Qc1+ 40. Kf3
Qxc3# 0-1

[Event "DVM U20 2009"]
[Site "Chemnitz GER"]
[Date "2009.12.27"]
[Round "2"]
[White "Dopmann, Markus"]
[Black "Döring, Stefan"]
[Result "0-1"]
[Termination "normal"]
[Board "8.6"]
[WhiteElo "1481"]
[BlackElo "1552"]
[WhiteTeam "SG Blau-Weiß Stadtilm"]
[BlackTeam "SC Tamm 74"]
[PlyCount "48"]
[BlackFideId "1272047"]
[EventCountry "GER"]
[EventRounds "7"]
[EventType "team-swiss"]
[EventDate "2009.12.26"]

1. e4 e6 2. c4 d5 3. exd5 exd5 4. d4 c6 5. Nf3 Nf6 6. Nc3 Be7 7. Bd3 O-O 8. O-O
Bg4 9. h3 Bh5 10. Be3 Nbd7 11. Be2 dxc4 12. Bxc4 Nb6 13. Qb3 Bxf3 14. gxf3 Qd7
15. Kg2 Bd6 16. d5 Nh5 17. dxc6 Qxc6 18. Bd5 Qc8 19. Rac1 Nf4+ 20. Bxf4 Bxf4
21. Rcd1 Rb8 22. Ne2 Qf5 23. Nxf4 Qxf4 24. Rd4 Qxd4 0-1